000 00482nam a2200133Ia 4500
008 260210s9999 xx 000 0 und d
024 _a11B-61-EL, 11B-147-EL, 12B-113-EL & 12B-119-EL
082 _a621.3815072 AHM
100 _aAhmed Ali Sahito, Anum Manzoor, Saifullah & Aijaz Ahmed
245 0 _aWeight Based Fruit Sorting System Using Micro-Controller
260 _aKarachi:
_bUITU,
_c2012
600 _aElectrical Engineering
650 _aBachelor of Engineering (BE)
999 _c33189
_d33189